Faculty of Law Library — Cairo University

Official Online Catalog

فكرة الغير فى قانون الإجراءات الجنائية : (Record no. 59940)

MARC details
000 -LEADER
fixed length control field 01975nam a22003137a 4500
003 - CONTROL NUMBER IDENTIFIER
control field EG-GICUC
005 - DATE AND TIME OF LATEST TRANSACTION
control field 20260128135345.0
008 - FIXED-LENGTH DATA ELEMENTS--GENERAL INFORMATION
fixed length control field 260128s2004 ua ||||fr|||| 00| 0 ara d
040 ## - CATALOGING SOURCE
Original cataloging agency EG-GICUC
Language of cataloging ara
Transcribing agency EG-GICUC
Modifying agency EG-GICUC
Description conventions rda
041 ## - LANGUAGE CODE
Language code of text/sound track or separate title ara
082 04 - DEWEY DECIMAL CLASSIFICATION NUMBER
Edition number 21
Classification number 343.3
Item number م ح . ف
092 04 - LOCALLY ASSIGNED DEWEY CALL NUMBER (OCLC)
Edition number 21
099 ## - LOCAL FREE-TEXT CALL NUMBER (OCLC)
Classification number Law1 10 343.3 2004
100 0# - MAIN ENTRY--PERSONAL NAME
Personal name محمود صالح العادلي
Relator term مؤلف.
245 ## - TITLE STATEMENT
Title فكرة الغير فى قانون الإجراءات الجنائية :
Remainder of title دراسة تأصيلية مقارنة/
Statement of responsibility, etc. محمود صالح العادلي
264 ## - PRODUCTION, PUBLICATION, DISTRIBUTION, MANUFACTURE, AND COPYRIGHT NOTICE
Place of production, publication, distribution, manufacture القاهرة :
Name of producer, publisher, distributor, manufacturer دار الفكر العربي ,
Date of production, publication, distribution, manufacture, or copyright notice 2004.
300 ## - PHYSICAL DESCRIPTION
Extent 305 صفحة;
Dimensions 24 سم
336 ## - CONTENT TYPE
Source rda content
Content type term text
337 ## - MEDIA TYPE
Source rda media
Media type term Computer
338 ## - CARRIER TYPE
Source rda carrier
Carrier type term Online Resource
504 ## - BIBLIOGRAPHY, ETC. NOTE
Bibliography, etc. note يتضمن قائمة المصادر والمراجع 257-279
505 ## - FORMATTED CONTENTS NOTE
Formatted contents note ماهية الغير ومركزه القانوني في ضوء الحماية الجنائية للأعمال الإجرائية - الغير والنزاع في شخصية المحكوم عليه - الغير والاعتراض على تنفيذ الأحكام المالية بشأن الأموال المطلوب التنفيذ عليها - إلتزام الغير بحضور تفتيش ممكن المتهم - إلتزام الغير بتمكين السلطات المختصة بتفتيش منزله - إلتزام الغير بالتبليغ عن الجرائم - إلتزام الغير بعدم التأثير فى الخصومة . مسئولية رئيس الحزب عما ينشره الغير في صحيفة الحزب - موقف المحكمة الدستورية العليا من هذه المسئولية
546 ## - LANGUAGE NOTE
Language note النص باللغة العربية
650 1# - SUBJECT ADDED ENTRY--TOPICAL TERM
Topical term or geographic name entry element قانون جنائي
650 1# - SUBJECT ADDED ENTRY--TOPICAL TERM
Topical term or geographic name entry element قانون الإجراءات الجنائية
856 40 - ELECTRONIC LOCATION AND ACCESS
Uniform Resource Identifier <a href="https://fll.law.cu.edu.eg/fulltext/bks/B10-05694.pdf">https://fll.law.cu.edu.eg/fulltext/bks/B10-05694.pdf</a>
905 ## - Cataloger and Reviser Names
Cataloger Name: Marwa
942 ## - ADDED ENTRY ELEMENTS (KOHA)
Source of classification or shelving scheme Dewey Decimal Classification
Koha item type Books
Edition 21
Suppress in OPAC No
Holdings
Withdrawn status Lost status Source of classification or shelving scheme Damaged status Not for loan Collection Home library Current library Date acquired Total checkouts Full call number Barcode Date last seen Copy number Price effective from Koha item type
    Dewey Decimal Classification   Not for loan القانون الجنائي جــــامعة القــاهرة مكتبة كلية الحقوق - المبنى الرئيسي 28.01.2026   Law1 10 343.3 م ح . ف 2004 1005694 C1 B10-05694 28.01.2026 1 28.01.2026 Books
    Dewey Decimal Classification     القانون الجنائي جــــامعة القــاهرة مكتبة كلية الحقوق - المبنى الرئيسي 28.01.2026   Law1 10 343.3 م ح . ف 2004 1005695 C2 B10-05695 28.01.2026 2 28.01.2026 Books
    Dewey Decimal Classification     القانون الجنائي جــــامعة القــاهرة مكتبة كلية الحقوق - فـرع الشيخ زايد 28.01.2026   Law2 10 343.3 م ح . ف 2004 1005696 C3 B10-05696 28.01.2026 3 28.01.2026 Books

© All rights reserved — Faculty of Law, Cairo University